000 00541nam a22001811a 4500
001 3962
003 OSt
005 20260204211910.0
008 050530s2000||||dr ||||||b||||||||||spa||
020 _a9993481904
050 _aRD 863.44 A66s
245 _aArqueología de las sombras: la narrativa de Veloz Maggiolo / Fernando Valerio - Holguín
264 _aSanto Domingo : Amigo del Hogar
300 _a262 p
650 _a1.Narrativa - Historia y Crítica
651 _aVeloz Maggiolo II.Valerio - Holguín, FernandoÌ
942 _2ddc
_cBK
999 _c3962
_d3962